000 00342nam a2200157Ia 4500
008 230711s9999||||xx |||||||||||||| ||und||
041 _aENG
082 _a800
_bLU-N
100 _aLudwig,Emil
245 0 _aNapoleon
250 _a1st Ed.
260 _c2011
_aNew Delhi
_bMaanu Graphis
300 _a623
650 _aLiterature
942 _cBK
999 _c5339
_d5339